Historia de la arquitectura moderna

Kaydedildi:
Detaylı Bibliyografya
Yazar: Zevi, Bruno (Yazar)
Materyal Türü: Kitap
Dil:İspanyolca
Baskı/Yayın Bilgisi: Buenos Aires Emecé 1954
Konular:
Etiketler: Etiketle
Etiket eklenmemiş, İlk siz ekleyin!

MARC

LEADER 00000nam a2200000 a 4500
001 UCT2480
003 CL-VaPUC
008 961011e19540000AG |||||||||||||||||spa|d
082 0 4 |a 724.6  |b ZEV  |2 21 
100 0 |a Zevi, Bruno  |e author  |9 371498 
245 1 0 |a Historia de la arquitectura moderna 
300 |a 800 p 
942 |c BK 
945 |d 19961011 00:00:00  |a rleighto 
260 |a Buenos Aires  |b Emecé  |c 1954 
650 0 |a Arquitectura moderna  |9 265021 
650 0 |a Arquitectos   |9 268647 
650 0 |a Historia  |9 255047 
650 0 |a Diseño arquitectónico   |9 265271 
650 7 |a TECNOLOGIA DE LA CONSTRUCCION  |2 CL-VaPUC  |9 260196 
650 7 |a DIBUJOS TECNICOS  |2 CL-VaPUC  |9 360503 
583 |a last modification  |c 19961011 00:00:00  |k Rodrigo Vera 
999 |c 252552  |d 252550 
952 |0 0  |1 0  |4 0  |6 724_600000000000000_ZEV_1954  |7 0  |8 A  |9 272464  |a BIBARQ  |b BIBARQ  |d 2019-11-19  |i 3235688  |o 724.6 ZEV 1954  |p 3235688  |r 2025-01-20  |w 2019-11-19  |y BK  |k ARQ 
952 |0 0  |1 0  |4 0  |6 724_600000000000000_ZEV_1954  |7 0  |8 A  |9 272465  |a BIBARQ  |b BIBARQ  |d 2019-11-19  |i 3235998  |l 2  |o 724.6 ZEV 1954  |p 3235998  |r 2025-01-20  |s 2022-10-28  |w 2019-11-19  |y BK  |k ARQ